000 00347nam a22001457a 4500
020 _a9788120352407
040 _cNUST
082 _a327
_bGHO
100 _aPeu Ghosh
_9124205
245 _aInternational Relations
250 _aFourth Edition
260 _aIndia:
_bPHI Learning,
_c2018.
650 _aInternational Relations
942 _2ddc
_cBK
999 _c610137
_d610137